|
|
|
|
| LEADER |
00930nam a2200277 4500 |
| 001 |
DLU180186545 |
| 005 |
##20180830 |
| 040 |
# |
# |
|a DLU
|b vie
|
| 041 |
# |
# |
|a vie
|
| 044 |
# |
# |
|a vn
|
| 100 |
# |
# |
|a Phạm Hồng Quân,
|c ThS.
|
| 245 |
# |
# |
|a Bồi dưỡng năng lực thông tin cho đội ngũ giảng viên ở các trường Đại học, Cao đẳng hiện nay /
|c Phạm Hồng Quân, Phạm Văn Sơn.
|
| 653 |
# |
# |
|a Đội ngũ giảng viên
|
| 653 |
# |
# |
|a Bồi dưỡng năng lực
|
| 653 |
# |
# |
|a Năng lực thông tin
|
| 700 |
# |
# |
|a Phạm Văn Sơn,
|c ThS.
|
| 773 |
# |
# |
|t Tạp chí dạy và học ngày nay
|g Số 2, 2015, tr. 20-21
|
| 920 |
# |
# |
|a Phòng Tạp chí -- Trung tâm Thông tin - Thư viện Trường Đại học Đà Lạt
|
| 994 |
# |
# |
|a DLU
|
| 900 |
# |
# |
|a True
|
| 911 |
# |
# |
|a Trần Thị Minh Hương
|
| 925 |
# |
# |
|a G
|
| 926 |
# |
# |
|a A
|
| 927 |
# |
# |
|a BB
|
| 980 |
# |
# |
|a Thư viện Trường Đại học Đà Lạt
|